00494nam a22001697a 450000500170000001000150001702000110003203500140004303700130005708200080007010000250007824500530010326000330015627000700018930000250025950000400028420171030145358.0 aENG-121104 c295.00 aEN-104636 bDBAD/PUB a612 aPathak, Sudhir Kumar aAnatomy and Physiology /cby Sudhir Kumar Pathak aBiharbMeena Prakashanc2011 aVill+P.O.: Mehda Shahapur, Via: Shripur, BegusaraibBihare851132 a99p.c21cm(Hb)bill. aIncludes bibliographical references